[Event "IECG CP.2008.P.00002 email"]
[Site "IECG email"]
[Date "2008.10.01"]
[Round "?"]
[White "Kahl, Karl Heinz"]
[Black "Ostertag, George"]
[Result "1-0"]
[WhiteElo "1747"]
[BlackElo "338"]
[PlyCount "43"]
[EventDate "2008.10.01"]
[EventType "tourn (corr)"]
[EventRounds "6"]
[EventCountry "ARG"]
[SourceTitle "Corr 2024"]
[Source "ChessBase"]
[SourceDate "2023.10.19"]
[SourceVersion "1"]
[SourceVersionDate "2023.10.19"]
[SourceQuality "1"]

1. d4 d5 2. c4 dxc4 3. Nf3 Nc6 4. e4 e6 5. Bxc4 Nf6 6. Nc3 Bb4 7. Qd3 a6 8. 0-0 Ng4 9. e5 Bc5 10. dxc5 Qxd3 11. Bxd3 0-0 12. Bf4 Nb4 13. Bc4 c6 14. h3 b5 15. cxb6 Rd8 16. hxg4 Rb8 17. Na4 a5 18. Rfd1 Nd5 19. Bd2 Nb4 20. Bxb4 Rxd1+ 21. Rxd1 axb4 22. Rd8# 1-0

[Event "IECG CP.2008.P.00002 email"]
[Site "IECG email"]
[Date "2008.10.01"]
[Round "?"]
[White "Ostertag, George"]
[Black "Rusak, Alexander"]
[Result "0-1"]
[WhiteElo "338"]
[BlackElo "1928"]
[PlyCount "54"]
[EventDate "2008.10.01"]
[EventType "tourn (corr)"]
[EventRounds "6"]
[EventCountry "ARG"]
[SourceTitle "Corr 2024"]
[Source "ChessBase"]
[SourceDate "2023.10.19"]
[SourceVersion "1"]
[SourceVersionDate "2023.10.19"]
[SourceQuality "1"]

1. e4 c5 2. Nc3 Nc6 3. g3 g6 4. Nf3 Bg7 5. Bc4 d6 6. 0-0 Nf6 7. d3 0-0 8. Ng5 h6 9. Nxf7 Rxf7 10. Bxf7+ Kxf7 11. Nd5 Bg4 12. f3 Bh3 13. g4 Bxf1 14. Qxf1 Nxd5 15. exd5 Nb4 16. Qe2 Nxd5 17. c4 Nb4 18. a3 Nc6 19. Qe4 Bd4+ 20. Kg2 Kg7 21. Bxh6+ Kxh6 22. g5+ Kg7 23. Qe6 Qh8 24. Rh1 Qh4 25. Rf1 Rh8 26. h3 Qxg5+ 27. Kh1 Qg3 0-1

[Event "IECG TE.2006.P.02101"]
[Site "IECG email"]
[Date "2006.11.25"]
[Round "?"]
[White "Howes, Tony"]
[Black "Ostertag, George"]
[Result "1-0"]
[WhiteElo "1504"]
[BlackElo "348"]
[PlyCount "43"]
[EventDate "2006.03.17"]
[EventType "tourn (corr)"]
[EventRounds "2"]
[SourceTitle "Corr 2008"]
[Source "ChessBase"]
[SourceDate "2008.06.24"]
[SourceVersion "1"]
[SourceVersionDate "2008.06.24"]
[SourceQuality "1"]

1. e4 c5 2. f4 e6 3. Nf3 Nc6 4. Bb5 Nb4 5. c3 a6 6. cxb4 axb5 7. bxc5 Bxc5 8. d4 Bb6 9. 0-0 Nf6 10. Qe2 0-0 11. Nbd2 Ra4 12. Qxb5 Ra5 13. Qd3 d5 14. e5 Ng4 15. Ng5 g6 16. Nb3 Ra7 17. Nxh7 Kxh7 18. Qh3+ Nh6 19. f5 exf5 20. Qxh6+ Kg8 21. Bg5 Qe8 22. Bf6 1-0

[Event "IECG TE.2006.P.02101"]
[Site "IECG email"]
[Date "2006.11.25"]
[Round "?"]
[White "Williams, Derek"]
[Black "Ostertag, George"]
[Result "1-0"]
[WhiteElo "1144"]
[BlackElo "348"]
[PlyCount "77"]
[EventDate "2006.03.17"]
[EventType "tourn (corr)"]
[EventRounds "2"]
[SourceTitle "Corr 2008"]
[Source "ChessBase"]
[SourceDate "2008.06.24"]
[SourceVersion "1"]
[SourceVersionDate "2008.06.24"]
[SourceQuality "1"]

1. e4 c5 2. f4 Nf6 3. e5 Ne4 4. d3 Qa5+ 5. c3 Nf2 6. Kxf2 c4 7. dxc4 Qc5+ 8. Be3 Qc6 9. Nf3 e6 10. Nd4 Qb6 11. Nb5 Qc6 12. Nxa7 Qc7 13. Nb5 Qc6 14. b4 Be7 15. Nd6+ Bxd6 16. b5 Qc7 17. Qxd6 Qxd6 18. exd6 0-0 19. Bd3 g6 20. a4 b6 21. Be4 Ra5 22. Bxb6 Bb7 23. Bxb7 f5 24. Bxa5 h5 25. c5 e5 26. fxe5 f4 27. c6 f3 28. e6 dxe6 29. c7 fxg2+ 30. Kxg2 Nd7 31. c8Q Rxc8 32. Bxc8 e5 33. Bxd7 e4 34. Be6+ Kf8 35. Rf1+ Kg7 36. d7 e3 37. d8Q e2 38. Qf8+ Kh7 39. Rf7# 1-0

[Event "IECG CP.2006.P.00001 email"]
[Site "IECG email"]
[Date "2006.10.01"]
[Round "?"]
[White "Geiger, Walter"]
[Black "Ostertag, George"]
[Result "1-0"]
[WhiteElo "2094"]
[BlackElo "348"]
[PlyCount "41"]
[EventDate "2006.10.01"]
[EventType "tourn (corr)"]
[EventRounds "6"]
[SourceTitle "Corr 2011"]
[Source "ChessBase"]
[SourceDate "2010.08.31"]
[SourceVersion "1"]
[SourceVersionDate "2010.08.31"]
[SourceQuality "1"]

1. e4 e5 2. Nf3 Nc6 3. d4 d6 4. Bb5 a6 5. Bxc6+ bxc6 6. dxe5 dxe5 7. Qxd8+ Kxd8 8. Nxe5 Nh6 9. Bxh6 gxh6 10. Nxf7+ Ke7 11. Nxh8 Kf6 12. Nd2 Bb4 13. c3 Bd6 14. f4 Bxf4 15. 0-0 Ke5 16. Nf7+ Kf6 17. Rxf4+ Ke6 18. Nf3 c5 19. Rd1 Rb8 20. Nd8+ Ke7 21. Nc6+ 1-0

[Event "IECG CP.2006.P.00001 email"]
[Site "IECG email"]
[Date "2006.10.01"]
[Round "?"]
[White "Ostertag, George"]
[Black "Kocandrle, Jaroslav"]
[Result "0-1"]
[WhiteElo "348"]
[BlackElo "2092"]
[PlyCount "54"]
[EventDate "2006.10.01"]
[EventType "tourn (corr)"]
[EventRounds "6"]
[SourceTitle "Corr 2011"]
[Source "ChessBase"]
[SourceDate "2010.08.31"]
[SourceVersion "1"]
[SourceVersionDate "2010.08.31"]
[SourceQuality "1"]

1. e4 c5 2. c4 Nc6 3. d3 g6 4. Nf3 Bg7 5. Nc3 d6 6. Bd2 e6 7. Qa4 Nge7 8. Bg5 0-0 9. Qa3 Bd7 10. Be2 a6 11. 0-0 b5 12. Rad1 b4 13. Qb3 bxc3 14. bxc3 f6 15. Be3 f5 16. e5 Nxe5 17. Nxe5 Bxe5 18. d4 f4 19. dxe5 fxe3 20. fxe3 Nf5 21. exd6 Qg5 22. g4 Qxe3+ 23. Kh1 Bc6+ 24. Bf3 Bxf3+ 25. Rxf3 Qxf3+ 26. Kg1 Ne3 27. d7 Qg2# 0-1

[Event "IECG TE.2006.P.02224 email"]
[Site "IECG email"]
[Date "2006.06.19"]
[Round "?"]
[White "Ostertag, George"]
[Black "Taylor, Doug"]
[Result "0-1"]
[WhiteElo "344"]
[BlackElo "1000"]
[PlyCount "58"]
[EventDate "2006.06.19"]
[EventType "tourn (corr)"]
[EventRounds "12"]
[SourceTitle "Corr 2024"]
[Source "ChessBase"]
[SourceDate "2023.10.19"]
[SourceVersion "1"]
[SourceVersionDate "2023.10.19"]
[SourceQuality "1"]

1. d4 f5 2. e4 fxe4 3. Nc3 Nf6 4. Qe2 d5 5. Qb5+ Nc6 6. Bg5 a6 7. Qe2 Nxd4 8. Qd2 c5 9. 0-0-0 Bg4 10. Re1 h6 11. Bh4 e5 12. h3 Be7 13. Bxf6 gxf6 14. hxg4 c4 15. Nh3 Rc8 16. Nf4 Kf7 17. Nfxd5 Nb5 18. Nxe4 c3 19. Nexc3 Nxc3 20. bxc3 Ba3+ 21. Kb1 Rc5 22. c4 b5 23. Qa5 Qxa5 24. Re3 bxc4 25. Nxf6 Rb8+ 26. Rb3 cxb3 27. axb3 Rxb3+ 28. Ka1 Qc3+ 29. Ka2 Qb2# 0-1

[Event "IECG TE.2006.P.02224 email"]
[Site "IECG email"]
[Date "2006.06.19"]
[Round "?"]
[White "Ostertag, George"]
[Black "Weir, Michael"]
[Result "0-1"]
[WhiteElo "344"]
[BlackElo "1500"]
[PlyCount "38"]
[EventDate "2006.06.19"]
[EventType "tourn (corr)"]
[EventRounds "12"]
[SourceTitle "Corr 2024"]
[Source "ChessBase"]
[SourceDate "2023.10.19"]
[SourceVersion "1"]
[SourceVersionDate "2023.10.19"]
[SourceQuality "1"]

1. d4 f5 2. e4 fxe4 3. Nc3 Nf6 4. Bg5 Nc6 5. d5 Ne5 6. d6 cxd6 7. Qe2 d5 8. Qb5 a6 9. Qc5 e6 10. Qe3 Be7 11. h3 Nfg4 12. hxg4 Bxg5 13. Qh3 Qb6 14. Na4 Qb4+ 15. c3 Qxa4 16. Qh5+ Nf7 17. b3 Qa3 18. c4 Qb4+ 19. Kd1 Qd2# 0-1

[Event "IECG QN.2004.0.00319"]
[Site "IECG email"]
[Date "2004.03.26"]
[Round "?"]
[White "Ostertag, George"]
[Black "Venturas, Bob"]
[Result "0-1"]
[WhiteElo "393"]
[BlackElo "685"]
[PlyCount "68"]
[EventDate "2004.03.26"]
[EventType "tourn (corr)"]
[EventRounds "6"]
[SourceTitle "Corr 2008"]
[Source "ChessBase"]
[SourceDate "2008.06.24"]
[SourceVersion "1"]
[SourceVersionDate "2008.06.24"]
[SourceQuality "1"]

1. e4 e5 2. Nf3 Nc6 3. Nc3 Nf6 4. Bb5 Nd4 5. Nxd4 exd4 6. Nd5 c6 7. Nxf6+ Qxf6 8. d3 cxb5 9. 0-0 d6 10. b4 Be6 11. g3 Bh3 12. Re1 Be7 13. f4 0-0 14. e5 dxe5 15. Rxe5 Qc6 16. Re2 Bg4 17. Qe1 Bxe2 18. Qxe2 Rfe8 19. Qh5 Qxc2 20. Ba3 Qxd3 21. Bb2 Bxb4 22. Qxb5 Qxb5 23. Bxd4 Re1+ 24. Rxe1 Bxe1 25. a3 Rd8 26. Be3 Rd1 27. Kg2 Qe2+ 28. Kh3 Qxe3 29. a4 Bf2 30. Kg2 Rd2 31. Kh3 Qf3 32. a5 Rd5 33. f5 Rxf5 34. a6 Rh5# 0-1

[Event "IECG QN.2003.0.00299 email "]
[Site "IECG email"]
[Date "2003.11.16"]
[Round "?"]
[White "Nakamura, Senri"]
[Black "Ostertag, George"]
[Result "1-0"]
[WhiteElo "800"]
[BlackElo "411"]
[PlyCount "43"]
[EventDate "2003.11.16"]
[EventType "tourn (corr)"]
[EventRounds "6"]
[SourceTitle "Corr 2008"]
[Source "ChessBase"]
[SourceDate "2008.06.24"]
[SourceVersion "1"]
[SourceVersionDate "2008.06.24"]
[SourceQuality "1"]

1. d4 e5 2. dxe5 Nc6 3. Nf3 d6 4. exd6 cxd6 5. Nc3 Nf6 6. e4 Qe7 7. Bg5 Qe6 8. Bb5 Be7 9. Nd4 Qe5 10. Bxf6 Qxf6 11. Nxc6 Bd7 12. Nxe7 Qxe7 13. Bxd7+ Qxd7 14. Qd5 0-0 15. 0-0-0 Rac8 16. e5 Qg4 17. exd6 Qf4+ 18. Rd2 Rcd8 19. d7 Qxf2 20. Rxf2 Kh8 21. Rxf7 Rg8 22. Re1 1-0

[Event "IECG QN.2003.0.00275 email "]
[Site "IECG email"]
[Date "2003.05.13"]
[Round "?"]
[White "Hendershot, Paul"]
[Black "Ostertag, George"]
[Result "1-0"]
[WhiteElo "750"]
[BlackElo "442"]
[PlyCount "93"]
[EventDate "2003.05.13"]
[EventType "tourn (corr)"]
[EventRounds "6"]
[SourceTitle "Corr 2008"]
[Source "ChessBase"]
[SourceDate "2008.06.24"]
[SourceVersion "1"]
[SourceVersionDate "2008.06.24"]
[SourceQuality "1"]

1. e4 e5 2. d3 Nc6 3. Nf3 Nf6 4. c3 Be7 5. Qb3 0-0 6. Bg5 Nh5 7. Bxe7 Nxe7 8. Nxe5 d5 9. Be2 g6 10. Bxh5 gxh5 11. 0-0 Be6 12. Qxb7 h4 13. h3 f6 14. Nc6 Nxc6 15. Qxc6 Re8 16. Na3 dxe4 17. dxe4 Qe7 18. Nb5 Rab8 19. Nxc7 Bd7 20. Qa6 Rec8 21. Nd5 Qf7 22. Nxf6+ Kf8 23. Qd6+ Kg7 24. Nxd7 Rxb2 25. c4 Rb7 26. Ne5 Qf4 27. Rab1 Rbc7 28. Rfd1 Qxe4 29. Rd4 Qxb1+ 30. Kh2 Qf5 31. Ng4 Rc6 32. Qe7+ Qf7 33. Qxf7+ Kxf7 34. Ne5+ Kf6 35. Nxc6 Rxc6 36. Rxh4 Kg6 37. Kg3 Kg5 38. Rxh7 Rxc4 39. h4+ Kg6 40. Rxa7 Rc3+ 41. Kg4 Rc4+ 42. f4 Kh6 43. Ra6+ Kh7 44. Kg5 Rc5+ 45. f5 Kg7 46. Ra7+ Kg8 47. Kg6 1-0

[Event "IECG QN.2003.0.00275 email "]
[Site "IECG email"]
[Date "2003.05.13"]
[Round "?"]
[White "Ostertag, George"]
[Black "Hendershot, Paul"]
[Result "0-1"]
[WhiteElo "442"]
[BlackElo "750"]
[PlyCount "82"]
[EventDate "2003.05.13"]
[EventType "tourn (corr)"]
[EventRounds "6"]
[SourceTitle "Corr 2008"]
[Source "ChessBase"]
[SourceDate "2008.06.24"]
[SourceVersion "1"]
[SourceVersionDate "2008.06.24"]
[SourceQuality "1"]

1. e4 e5 2. Nf3 d6 3. Bb5+ c6 4. Bc4 Nf6 5. Nc3 Be7 6. Ng5 d5 7. exd5 cxd5 8. Bb5+ Bd7 9. 0-0 d4 10. Bxd7+ Nfxd7 11. Nce4 Bxg5 12. Nxg5 Qxg5 13. d3 Qg6 14. Re1 0-0 15. Qf3 Nc6 16. Qd5 Nb6 17. Qc5 Rac8 18. Qb5 Rfe8 19. Bd2 Ne7 20. Rxe5 Qc6 21. Qb3 h6 22. Rae1 Ng6 23. Rxe8+ Rxe8 24. Rxe8+ Qxe8 25. c3 Qe2 26. Qc2 Nf4 27. cxd4 Nxd3 28. h3 Qxf2+ 29. Kh2 Qxd4 30. Bc3 Qd6+ 31. g3 f5 32. Bd2 Qd4 33. Bc3 Qe4 34. a3 f4 35. Qb3+ Kh7 36. Qc2 f3 37. Kg1 f2+ 38. Kf1 Qh1+ 39. Ke2 f1Q+ 40. Ke3 Qff3+ 41. Kd4 Qe4# 0-1

[Event "IECG QN.2002.0.00225"]
[Site "IECG email"]
[Date "2002.05.23"]
[Round "?"]
[White "Ostertag, George"]
[Black "Sell, Phil"]
[Result "0-1"]
[WhiteElo "800"]
[BlackElo "930"]
[PlyCount "48"]
[EventDate "2002.05.23"]
[EventType "tourn (corr)"]
[EventRounds "6"]
[SourceTitle "Corr 2008"]
[Source "ChessBase"]
[SourceDate "2008.06.24"]
[SourceVersion "1"]
[SourceVersionDate "2008.06.24"]
[SourceQuality "1"]

1. e4 c5 2. Nf3 d6 3. d4 cxd4 4. Nxd4 Nf6 5. c3 g6 6. Bb5+ Bd7 7. 0-0 Bg7 8. Bc4 Nxe4 9. Bd5 Nc5 10. Nd2 e6 11. Re1 0-0 12. Bf3 Nba6 13. b4 Nd3 14. Nxe6 fxe6 15. Bxb7 Qb6 16. Rf1 Nxf2 17. Qe2 Nh3+ 18. Kh1 Qxb7 19. Rxf8+ Rxf8 20. Ba3 Bxc3 21. Rc1 Rf2 22. Qg4 Bxd2 23. Rd1 e5 24. Qh4 Qxg2# 0-1

[Event "IECG QN.2002.0.00225"]
[Site "IECG email"]
[Date "2002.05.23"]
[Round "?"]
[White "Ostertag, George"]
[Black "Shah, Sehba"]
[Result "0-1"]
[WhiteElo "800"]
[BlackElo "878"]
[PlyCount "42"]
[EventDate "2002.05.23"]
[EventType "tourn (corr)"]
[EventRounds "6"]
[SourceTitle "Corr 2008"]
[Source "ChessBase"]
[SourceDate "2008.06.24"]
[SourceVersion "1"]
[SourceVersionDate "2008.06.24"]
[SourceQuality "1"]

1. e4 c5 2. c4 Nc6 3. Nf3 e6 4. e5 Qc7 5. Bd3 Nxe5 6. Nxe5 Qxe5+ 7. Kf1 Nf6 8. Nc3 Be7 9. Bc2 0-0 10. d4 cxd4 11. Nb5 d5 12. c5 Bxc5 13. Qd3 Bd7 14. a4 a6 15. Na3 Rac8 16. Bg5 Ne4 17. Qe2 Qxg5 18. Bxe4 dxe4 19. Qxe4 Bc6 20. Qc2 Bxg2+ 21. Kg1 Bh3# 0-1

[Event "IECG TG-2008-0-15843"]
[Site "IECG email"]
[Date "5.??.??"]
[Round "1"]
[White "Craighead, Dennis"]
[Black "Ostertag, George"]
[Result "1-0"]
[WhiteElo "672"]
[BlackElo "344"]
[PlyCount "43"]
[EventDate "2008.05.17"]
[EventType "tourn (corr)"]
[EventRounds "6"]
[SourceTitle "Corr 2024"]
[Source "ChessBase"]
[SourceDate "2023.10.19"]
[SourceVersion "1"]
[SourceVersionDate "2023.10.19"]
[SourceQuality "1"]

1. e4 e5 2. Nf3 Nc6 3. c3 Nf6 4. Qc2 Bc5 5. b4 Bb6 6. b5 Na5 7. Nxe5 Bxf2+ 8. Kxf2 Qe7 9. d4 d6 10. Ba3 Nc4 11. Bxc4 b6 12. Nc6 Nxe4+ 13. Kf3 Ng5+ 14. Kf2 Qf6+ 15. Kg3 Bf5 16. Re1+ Ne4+ 17. Rxe4+ Bxe4 18. Qxe4+ Kd7 19. Nd2 Qg5+ 20. Kf2 Rae8 21. Nf3 Qf6 22. Qg4+ 1-0

[Event "IECG TG-2008-0-15843"]
[Site "IECG email"]
[Date "5.??.??"]
[Round "2"]
[White "Ostertag, George"]
[Black "Craighead, Dennis"]
[Result "0-1"]
[WhiteElo "344"]
[BlackElo "672"]
[PlyCount "76"]
[EventDate "2008.05.17"]
[EventType "tourn (corr)"]
[EventRounds "6"]
[SourceTitle "Corr 2024"]
[Source "ChessBase"]
[SourceDate "2023.10.19"]
[SourceVersion "1"]
[SourceVersionDate "2023.10.19"]
[SourceQuality "1"]

1. e4 d5 2. Nf3 dxe4 3. Ne5 Nc6 4. Nxc6 bxc6 5. Nc3 Nf6 6. Be2 Bf5 7. 0-0 e5 8. d3 Nd5 9. dxe4 Nxc3 10. Qxd8+ Rxd8 11. bxc3 Bxe4 12. Bc4 Bxc2 13. f4 Bd6 14. fxe5 Bc5+ 15. Kh1 0-0 16. Bf4 Rfe8 17. Rae1 Kf8 18. e6 f6 19. Bxc7 Rd2 20. Rf5 Bxf5 21. a4 Rc2 22. a5 Rxc3 23. Ba2 Be3 24. Bd6+ Re7 25. a6 Rc1 26. Rxc1 Bxc1 27. Kg1 Ke8 28. Bxe7 Kxe7 29. h3 Bxe6 30. Bxe6 Kxe6 31. Kf1 Kd5 32. Ke2 Kd4 33. Kd1 Bf4 34. Kc2 g5 35. Kb3 h5 36. Kb4 h4 37. Kb3 f5 38. Kc2 Ke3 0-1